Athletics: nationalities (3) - Statistics

General Stats
  • This quiz has been taken 12 times
    3 since last reset
  • The average score is 9 of 15
Answer Stats
Athlete Event Nation % Correct
Savannah Sutherland Women's 400m hurdles Canada
100%
Leo Neugebauer Decathlon Germany
100%
Nickisha Pryce Women's 400m Jamaica
100%
Emma Oosterwegel Heptathlon Netherlands
100%
McKenzie Long Women's 200m USA
100%
Alexander Doom Men's 400m Belgium
67%
Phoebe Gill Women's 400m Great Britain
67%
Reynold Kipkorir Cheruiyot Men's 1500m Kenya
67%
Slimane Moula Men's 800m Algeria
33%
Birke Haylom Women's 1500m Ethiopia
33%
Gabriel Tual Men's 800m France
33%
Udodi Onwuzueike Men's 200m Nigeria
33%
Prudence Sekgodiso Women's 800m South Africa
33%
Mohammed Attaoui Men's 800m Spain
33%
Tarsis Orogot Men's 200m Uganda
33%
No matching quizzes found
Score Distribution
Percent of People with Each Score
Percentile by Number Answered
Your Score History
You have not taken this quiz since the last reset